| 000 | 00796pam a2200265 a 4500 | ||
|---|---|---|---|
| 008 | |||
| 020 | _a0070214638 (hbk.) | ||
| 020 | _a0070214638 (hbk.) | ||
| 049 | _aMAIN | ||
| 090 |
_aTA418.74 _bFON |
||
| 100 | 1 | _aFontana, Mars Guy. | |
| 245 | 1 | 0 |
_aCorrosion engineering / _cMars G. Fontana. |
| 250 | _a3rd ed. | ||
| 260 |
_aNew York : _bMcGraw-Hill, _cc1986. |
||
| 300 |
_axix, 556 p. : _bill. ; _c22 cm. |
||
| 440 | 0 | _aMcGraw-Hill series in materials science and engineering. | |
| 504 | _aIncludes bibliographical references. | ||
| 500 | _aIncludes index. | ||
| 650 | 0 | _aCorrosion and anti-corrosives. | |
| 907 |
_a.b10022272 _b17-08-11 _c17-04-03 |
||
| 003 | |||
| 005 | 20230123134156.0 | ||
| 040 | _cNUST | ||
| 942 |
_cBOOKS _kTA418.74 _mFON |
||
| 999 |
_c161349 _d161349 |
||